000 01447cam a22003854i 4500
003 PE-LiUPU
005 20250731184059.0
008 150623s1989 caua rb 000 0 eng d
020 _a0804717117
035 _a(Sirsi) i9780804717113
040 _aPE-LiUPU
_bspa
_cPE-LiUPU
_erda
049 _aPRUA
082 0 4 _a892.1
_bG48
_221
130 _aGilgamesh. English.
245 1 4 _aThe epic of Gilgamesh /
_ctraducido, con una introducción por Maureen Gallery Kovacs.
264 1 _aStanford, California :
_bStanford University Press,
_c1989.
300 _a122 páginas :
_bilustraciones ;
_c22 centímetros
336 _atext
_2rdacontent
337 _aunmediated
_2rdamedia
338 _avolume
_2rdacarrier
504 _aIncluye bibliografía.
505 0 _aTables I to XI -- Acadia Epic poetry.
526 _aP145
526 _aP127
526 _aP97
526 _aP14
526 _aP07
650 0 4 _aPoesía épica, asirio-babilónica
_vTraducciones al Inglés.
942 _2ddc
_cBOOK
949 _a892.1 G48
_wDEWEY
_c1
_i48195
_lCCODEBUL1
_mBUL
_r0
_sY
_tBOOK
_u2015-6-24
_xTEOLOGIA
_PP35
_0COMPRA
_o.STAFF. Colección General
994 _aC0
_bPEPRU
596 _a1
999 _a892.1 G48
_wDEWEY
_c25170
_i48195
_d25170
_e2019-11-5
_f2021-11-5
_g5
_lCCODEBUL1
_mBUL
_n3
_p11.22
_q1
_r0
_sY
_tBOOK
_u2015-6-24
_xBIBLIOTECA
_PP35
_0COMPRA
_o.STAFF. Colección Teología
980 _81
_gALBERTO SANCHEZ Responsable de Automatización